| 000 | 01898nam a2200229 a 4500 | ||
|---|---|---|---|
| 999 |
_c1515 _d1515 |
||
| 003 | AR-BaISA | ||
| 005 | 20231123122323.0 | ||
| 006 | a||||fr|||| 000 0 | ||
| 008 | 231123s1977 ag ||||f |||| 000 0 spa d | ||
| 040 |
_bspa _cAR-BaISA |
||
| 082 | 0 | 4 |
_222 _a150.195 G88 |
| 245 | 1 | 0 |
_aPrácticas psicoanalíticas comparadas en la psicosis / _cLeón Grinberg (comp.) |
| 260 |
_aBuenos Aires: _bPaidós, _c1977 |
||
| 300 | _a287 p. | ||
| 490 | _aBiblioteca de psicología profunda | ||
| 504 | _aBibliografía al final de cada capítulo | ||
| 505 |
_tL. Bryce Boyer / La técnica psicoanalítica en el tratamiento de algunos trastornos caracterológicos y esquizofrénicos -- _tRicardo Horacio Etchegoyen / Perversión de transferencia: aspectos teóricos y técnicos -- _tPeter L. Giovacchini / Impacto del delirio del impacto -- _tLeón Grinberg / Afectos dolorosos en los pacientes fronterizos: su abordaje técnico -- _tOtto F. Kernberg / Transferencia y constratransferencia en el tratamiento de los pacientes fronterizos -- _tDavid Liberman / Valor de las combinaciones pronominales en las estructuras sintácticas de la interpretación formulada a pacientes con estados confusionales -- _tSalomón Resnik / Teoría y técnica psicoanalítica de la psicosis -- _tHerbert Rosenfeld / Notas acerca de la psicopatología y del tratamiento psicoanalítico del esquizofrenia -- _tHarold F. Searles / Función de las percepciones que el paciente tiene de la realidad del análisis en la transferencia delirante -- _tHanna Segal / La técnica de Melanie Klein: su ilustración clínica a través del caso de una paciente con mecanismos esquizoides -- _tAlberta B. Szalita / Empleo combinado de las entrevistas familiares y la terapia individual en la esquizofrenia |
||
| 650 | 1 | 4 |
_9141 _aPsicoanálisis |
| 650 | 1 | 4 |
_9734 _aEsquizofrenia |
| 700 |
_93224 _aGrinberg, León _ecomp. |
||
| 942 |
_2ddc _cLI _e22 |
||